000 00725nam a22002537a 4500
003 0
005 20180904121620.0
008 0
010 _aB-222323
020 _a8185032033
_c990.00
035 _aB-222323, B -222324, B-222328
037 _bCen Lib/Ret
040 _aDPL
_bEN
_c0
082 _a954
_bGOS
100 _aGoswami, Asha
_914516
245 _aMuses in indology /
_cby Asha Goswami
260 _aDelhi
_bY.R. Publications
_c2006
270 _a7694, G. T. Road, Clock Tower
_bDelhi
_e110007
300 _axxix,304p.
_c23cm(Hb)
500 _aIncludes bibliographical references and index
650 _aIndology
_926996
650 _aIndian History
_994033
942 _2ddc
_cEN
_h954
_mGOS
999 _c132252
_d132252